000 01130nam a2200241 a 4500
001 000505885
003 AM-YeHGA
005 20250618072703.0
008 061026s1923 au |||||r|||||||||0|arm|d
040 _aAM-YeHGA
041 0 _aarm
100 1 _aՅովհաննէս Բար Շուշան
245 1 0 _aՅովհաննէս Ժ. Բար-Շուշանի Հայոց Կաթուղիկոսին գրած թուղթը /
_cՅովհաննէս Բար Շուշան ; Ուսումնասիրեց ու ասորի բնագրէ թարգմանեց՝ Հ.Ա. Վարդանեան.
260 _aՎիեննա :
_bտպ. Մխիթարեան,
_c1923.
300 _a102 էջ
440 0 _aԱզգային մատենադարան ;
_vՃԱ.
_94491
504 _aՄատենագիտ. տողատակում՝ հայ. և օտար լեզվ.
650 1 4 _aՀայ եկեղեցու գործիչներ
_94735
700 1 _aՎարդանյան, Արիստակես,
_d1887-1941
_eթարգմ.
_4trl
_92804
856 4 1 _uhttp://serials.flib.sci.am/openreader/Bar-Shushan_1923/book/index.html#page/1/mode/2up
_yԿարդալ առցանց
942 _2udc
_cBK
090 _c189045
999 _c187579
_d187579